Every City in the U.S. with a Hyphen in its Name - Statistics

General Stats
  • This quiz has been taken 21 times
  • The average score is 13 of 214
Answers on the Map
Answers color-coded by a green-red scale on the quiz's map according to % correct below.
 
Answer Stats
Place State Population % Correct
Winston-Salem NC 249,545
71%
Nashville-Davidson TN 689,447
62%
Lexington-Fayette KY 322,570
57%
Wilkes-Barre PA 44,328
57%
Butte-Silver Bow MT 34,494
38%
Augusta-Richmond County GA 202,081
33%
Fuquay-Varina NC 34,152
33%
Helena-West Helena AR 9,519
33%
Macon-Bibb County GA 157,346
33%
Athens-Clarke County GA 127,315
29%
Anaconda-Deer Lodge County MT 9,421
24%
Arden-Arcade CA 94,659
24%
Security-Widefield CO 38,639
24%
Dover-Foxcroft ME 2,776
19%
Honaunau-Napoopoo HI 2,416
19%
Put-in-Bay OH 154
19%
Bryn Mawr-Skyway WA 17,397
14%
Florence-Graham CA 61,983
14%
Fox Farm-College WY 3,876
14%
Knik-Fairview AK 19,297
14%
Marietta-Alderwood WA 4,015
14%
Marriott-Slaterville UT 2,135
14%
McRae-Helena GA 6,253
14%
Milton-Freewater OR 7,151
14%
Rising Sun-Lebanon DE 4,104
14%
Sedro-Woolley WA 12,421
14%
Tri-City OR 4,019
14%
Wakefield-Peace Dale RI 8,925
14%
Batesburg-Leesville SC 5,270
10%
Cal-Nev-Ari NV 144
10%
Candler-McAfee GA 22,468
10%
Carmel-by-the-Sea CA 3,220
10%
Castleton-on-Hudson NY 1,477
10%
Cave-In-Rock IL 228
10%
Clarkston Heights-Vineland WA 7,275
10%
Croton-on-Hudson NY 8,327
10%
Cusseta-Chattahoochee County GA 9,565
10%
Downieville-Lawson-Dumont CO 527
10%
Egypt Lake-Leto FL 36,644
10%
Fetters Hot Springs-Agua Caliente CA 4,233
10%
Fontana-on-Geneva Lake WI 3,120
10%
Geneva-on-the-Lake OH 916
10%
Hastings-on-Hudson NY 8,590
10%
Lake Morton-Berrydale WA 10,474
10%
McLendon-Chisholm TX 3,562
10%
Mentor-on-the-Lake OH 7,131
10%
Millis-Clicquot MA 4,499
10%
Oljato-Monument Valley UT 682
10%
Oljato-Monument Valley AZ 115
10%
Opa-locka FL 16,463
10%
Port Hadlock-Irondale WA 3,983
10%
Soddy-Daisy TN 13,070
10%
Union Hill-Novelty Hill WA 22,683
10%
West Clarkston-Highland WA 5,488
10%
Bellair-Meadowbrook Terrace FL 14,482
5%
Bel-Nor MO 1,399
5%
Bel-Ridge MO 2,132
5%
Bonner-West Riverside MT 1,690
5%
Camden-on-Gauley WV 126
5%
Carnot-Moon PA 13,151
5%
Casa de Oro-Mount Helix CA 19,576
5%
Cascade-Chipita Park CO 1,628
5%
Chain-O-Lakes MO 106
5%
Challenge-Brownsville CA 1,161
5%
Circle D-KC Estates TX 2,588
5%
Cornwall-on-Hudson NY 3,075
5%
Dewey-Humboldt AZ 4,326
5%
East Lake-Orient Park FL 28,050
5%
Elias-Fela Solis TX 17
5%
Encantada-Ranchito-El Calaboz TX 1,981
5%
Fairview-Ferndale PA 2,075
5%
Fifty-Six AR 158
5%
Fleming-Neon KY 548
5%
Garza-Salinas II TX 651
5%
Georgetown-Quitman County GA 2,235
5%
Grand View-on-Hudson NY 246
5%
Grant-Valkaria FL 4,509
5%
Graymoor-Devondale KY 2,853
5%
Gruetli-Laager TN 1,742
5%
Gu-Win AL 141
5%
Haiku-Pauwela HI 8,595
5%
Harding-Birch Lakes AK 253
5%
Heber-Overgaard AZ 2,898
5%
Ho-Ho-Kus NJ 4,258
5%
Howey-in-the-Hills FL 1,643
5%
J-Six Ranchettes AZ 647
5%
Kahaluu-Keauhou HI 4,778
5%
La Crescenta-Montrose CA 19,997
5%
Lacy-Lakeview TX 6,988
5%
Lake Ka-Ho IL 194
5%
Lake Marcel-Stillwater WA 1,334
5%
Lakeshore Gardens-Hidden Acres TX 637
5%
Lauderdale-by-the-Sea FL 6,198
5%
Leo-Cedarville IN 3,624
5%
Little River-Academy TX 1,992
5%
Malden-on-Hudson NY 365
5%
Manderson-White Horse Creek SD 554
5%
Maple Heights-Lake Desire WA 3,873
5%
Matlacha Isles-Matlacha Shores FL 227
5%
Moorestown-Lenola NJ 14,240
5%
Mount Gay-Shamrock WV 1,430
5%
Napili-Honokowai HI 7,042
5%
New Kingman-Butler AZ 12,907
5%
Old River-Winfree TX 1,315
5%
Ormond-by-the-Sea FL 7,312
5%
Otis Orchards-East Farms WA 6,299
5%
Palm River-Clair Mel FL 26,142
5%
Pinetop-Lakeside AZ 4,030
5%
Qui-nai-elt Village WA 320
5%
Ramirez-Perez TX 66
5%
Sautee-Nacoochee GA 332
5%
Shorewood-Tower Hills-Harbert MI 1,249
5%
Slater-Marietta SC 2,087
5%
Sunnyside-Tahoe City CA 1,555
5%
Sutton-Alpine AK 1,038
5%
Tumacacori-Carmen AZ 329
5%
University of California-Merced CA 0
5%
University of California-Santa Barbara CA 9,710
5%
View Park-Windsor Hills CA 11,419
5%
Waihee-Waiehu HI 9,234
5%
West Whittier-Los Nietos CA 25,325
5%
Wilson-Conococheague MD 2,262
5%
Woods Landing-Jelm WY 118
5%
Y-O Ranch WY 172
5%
Ak-Chin Village AZ 884
0%
Aptos Hills-Larkin Valley CA 2,383
0%
Ashton-Sandy Spring MD 5,746
0%
Avon-by-the-Sea NJ 1,933
0%
Bertsch-Oceanview CA 2,520
0%
Bird-in-Hand PA 427
0%
Black Point-Green Point CA 1,431
0%
Brittany Farms-The Highlands PA 4,175
0%
Bruceville-Eddy TX 1,413
0%
Carlisle-Rockledge AL 2,167
0%
Cecil-Bishop PA 2,730
0%
Central Heights-Midland City AZ 2,319
0%
Chilcoot-Vinton CA 446
0%
Claverack-Red Mills NY 953
0%
Clifton Knolls-Mill Creek NY 3,048
0%
Conning Towers-Nautilus Park CT 8,870
0%
C-Road CA 140
0%
Cumberland-Hesstown NJ 315
0%
Dixon Lane-MeadowCreek CA 2,780
0%
Fountainhead-Orchard Hills MD 6,189
0%
Frenchtown-Rumbly MD 86
0%
Garden Home-Whitford OR 7,081
0%
Hampden-Sydney VA 1,191
0%
Hide-A-Way Hills OH 976
0%
Hide-A-Way Lake MS 2,065
0%
Highfield-Cascade MD 1,082
0%
Highland-on-the-Lake NY 3,765
0%
Hilmar-Irwin CA 5,164
0%
Hi-Nella NJ 927
0%
Holiday City-Berkeley NJ 12,943
0%
Homeacre-Lyndora PA 6,721
0%
Hotevilla-Bacavi AZ 1,001
0%
Idyllwild-Pine Cove CA 4,163
0%
Jefferson Valley-Yorktown NY 14,444
0%
K-Bar Ranch TX 375
0%
Lagunitas-Forest Knolls CA 1,924
0%
Lake Mack-Forest Hills FL 992
0%
Lakeside-Beebe Run NJ 403
0%
La Paloma-Lost Creek TX 1,359
0%
Larkfield-Wikiup CA 8,492
0%
Leith-Hatfield PA 2,672
0%
Level Park-Oak Park MI 3,260
0%
Lucas Valley-Marinwood CA 6,259
0%
Lynnwood-Pricedale PA 2,074
0%
Manitou Beach-Devils Lake MI 2,032
0%
Marco Shores-Hammock Bay FL 957
0%
Mar-Mac NC 3,184
0%
Melcher-Dallas IA 1,195
0%
Mi-Wuk Village CA 935
0%
Montrose-Ghent OH 5,254
0%
Morales-Sanchez TX 46
0%
Nanty-Glo PA 2,511
0%
Nassau Village-Ratliff FL 5,561
0%
Oak Hill-Piney OK 191
0%
Oaklawn-Sunview KS 2,880
0%
Ocean Bluff-Brant Rock MA 4,744
0%
Paa-Ko NM 818
0%
Paramount-Long Meadow MD 2,658
0%
Pope-Vannoy Landing AK 6
0%
Poplar-Cotton Center CA 2,370
0%
Preston-Potter Hollow NY 367
0%
Remsenburg-Speonk NY 3,110
0%
Robin Glen-Indiantown MI 674
0%
Rutgers University-Busch Campus NJ 4,586
0%
Rutgers University-Livingston Campus NJ 3,545
0%
Samsula-Spruce Creek FL 4,877
0%
Sandy Hollow-Escondidas TX 342
0%
Saybrook-on-the-Lake OH 1,050
0%
Selmont-West Selmont AL 2,158
0%
Shanor-Northvue PA 5,133
0%
Skyline-Ganipa NM 1,614
0%
Smithville-Sanders IN 3,323
0%
So-Hi AZ 428
0%
Tamalpais-Homestead Valley CA 11,492
0%
Timberline-Fernwood AZ 2,572
0%
Top-of-the-World AZ 189
0%
Trego-Rohrersville Station MD 160
0%
Tri-Lakes IN 1,329
0%
Underwood-Petersville AL 3,051
0%
University of California-Davis CA 8,525
0%
Valley-Hi PA 6
0%
Village Green-Green Ridge PA 8,000
0%
Waiahole-Waikane HI 728
0%
West End-Cobb Town AL 3,128
0%
Westhaven-Moonstone CA 1,187
0%
West Haven-Sylvan OR 9,299
0%
Wickerham Manor-Fisher PA 1,825
0%
Wood-Ridge NJ 10,137
0%
Wright-Patterson AFB OH 1,567
0%
Yah-ta-hey NM 757
0%
No matching quizzes found
Score Distribution
Percent of People with Each Score
Percentile by Number Answered
Your Score History
You have not taken this quiz